| 000 | 01394nam a2200361Ia 4500 | ||
|---|---|---|---|
| 001 | ebr10101026 | ||
| 003 | CaPaEBR | ||
| 006 | m u | ||
| 007 | cr cn||||||||| | ||
| 008 | 990728s2000 nyu sb 001 0 eng d | ||
| 010 | _z 99042718 | ||
| 020 | _z0203906551 | ||
| 020 | _z0815324324 (alk. paper) | ||
| 040 |
_aCaPaEBR _cCaPaEBR |
||
| 035 | _a(OCoLC)252883028 | ||
| 050 | 1 | 4 |
_aML134.C19 _bL56 2000eb |
| 082 | 0 | 4 |
_a016.780/92 _221 |
| 100 | 1 | _aLink, John F. | |
| 245 | 1 | 0 |
_aElliott Carter _h[electronic resource] : _ba guide to research / _cJohn F. Link. |
| 260 |
_aNew York : _bGarland Pub., _c2000. |
||
| 300 | _axi, 331 p. | ||
| 490 | 1 |
_aGarland reference library of the humanities ; _vv. 2003 |
|
| 490 | 1 |
_aComposers resource manuals ; _vv. 52 |
|
| 500 | _aIncludes index. | ||
| 533 |
_aElectronic reproduction. _bPalo Alto, Calif. : _cebrary, _d2009. _nAvailable via World Wide Web. _nAccess may be limited to ebrary affiliated libraries. |
||
| 600 | 1 | 0 |
_aCarter, Elliott, _d1908- _vBibliography. |
| 650 | 0 |
_aMusic _vBibliography. |
|
| 655 | 7 |
_aElectronic books. _2local |
|
| 710 | 2 | _aebrary, Inc. | |
| 830 | 0 |
_aGarland composer resource manuals ; _vv. 52. |
|
| 830 | 0 |
_aGarland reference library of the humanities ; _vv. 2003. |
|
| 856 | 4 | 0 |
_uhttp://site.ebrary.com/lib/rucke/Doc?id=10101026 _zAn electronic book accessible through the World Wide Web; click to view |
| 999 |
_c103487 _d103487 |
||